02431nam a22003253i 4500001001900000003000600019005001700025006001900042007001500061008004100076020001800117035002300135035002400158035002400182035002000206035002200226035002800248040004100276041000800317050002200325100002700347245004900374250001900423260004700442300004900489505082300538520069301361650001702054650003402071991027365320007026UkOxU20251023161613.0m o d | cr cnu||||||||220410s2020 xx o ||||0 eng d a9781529424522 a(MiAaPQ)EBC6946200 a(Au-PeEL)EBL6946200 a(CKB)21479220400041 a(Exl-AI)6946200 a(OCoLC)1314626906 a(EXLCZ)9921479220400041 aMiAaPQbengerdaepncMiAaPQdMiAaPQ aeng 4aND1489 bH67 2005 aHornung, Davideauthor10aColourb: a workshop for artists, designers. aThird edition. aLondon :bLaurence King Publishing,c2020. a160 pages :billustrations (color) ;c28 cm.8 aForeword: Jennifer Maloney — Introduction — Part One: Seeing Color — The Visible Light Spectrum — How We Perceive Color — Color on the Computer Screen — The Effect of Light on Color Perception — Color Constancy — Part Two: First Principles — The Structure of Color — Hue — Value — Saturation — Color Range — Color Wheels — Color on the Computer Screen — Part Three: The Color Workshop — About the Workshop — Paint — Color Studies on the Computer — The Illustrated Glossary — Part Four: Beginning Color Studies — Chromatic Darks — Handmade Assignment 1: Exploring Co-primaries — Video: Beginning Color Studies: Painting Swatches — Altering Color Attributes Through Intermixing — Handmade Assignment 2–5: Saturation Studies. aDavid Hornung's 'Color: A Workshop for Artists and Designers' serves as a comprehensive guide to understanding and applying color principles in art and design. This third edition emphasizes practical exploration through a series of assignments that encourage both personal and formal comprehension of color. Aimed at artists, designers, and students, the book provides detailed instructions on color perception, interaction, and harmony, along with an illustrated glossary for mastering color terminology. The book's educational approach is grounded in Hornung's extensive studio and classroom experience, offering an accessible yet profound insight into color theory and its application. 0aColor in art 0aColor in visual communication